Adult teacher. (Record no. 18228)

000 -LEADER
fixed length control field 00605nam a22001457a 4500
008 - FIXED-LENGTH DATA ELEMENTS--GENERAL INFORMATION
fixed length control field 120411t xxu||||| |||| 00| 0 eng d
050 ## - LIBRARY OF CONGRESS CALL NUMBER
Classification number BX 8765.5
Item number .A3 A38 vol.3
245 ## - TITLE STATEMENT
Title Adult teacher.
260 ## - PUBLICATION, DISTRIBUTION, ETC. (IMPRINT)
Place of publication, distribution, etc Springfield, Mo.
Name of publisher, distributor, etc Gospel Publishing House
Date of publication, distribution, etc 1987.
300 ## - PHYSICAL DESCRIPTION
Extent 384 p.
Dimensions 25 cm.
440 ## - SERIES STATEMENT/ADDED ENTRY--TITLE
Title The radiant life series of adult Bible lessons based on outlines from the Evangelical Curriculum Commission.
9 (RLIN) 2378
650 ## - SUBJECT ADDED ENTRY--TOPICAL TERM
Topical term or geographic name as entry element Christian education
General subdivision Textbooks for adults
-- Assemblies of God.
9 (RLIN) 2379
650 ## - SUBJECT ADDED ENTRY--TOPICAL TERM
Topical term or geographic name as entry element Christian education
General subdivision Textbooks for young people
-- Assemblies of God.
9 (RLIN) 2380
942 ## - ADDED ENTRY ELEMENTS (KOHA)
Source of classification or shelving scheme
Item type Books
Copies
Price effective from Date acquired Withdrawn status Barcode Source of classification or shelving scheme Full call number Koha item type Shelving location Damaged status Not for loan Lost status Current location Copy number Permanent location Date last seen
2012-04-112012-04-11 22583 BX 8765.5 .A3 A38 vol.3BooksGeneral Stacks   RHEMA Bible Training College1RHEMA Bible Training College2012-04-11